00438nam a2200145 a 450000100100000000500170001000800410002702000150006804000250008308200130010810000190012124500770014026000470021730000280026400002306320200930021950.0101125s1980 ja 001 0 eng d a0860082717 aDO-SdBNPbengcBNPHU ann*bnn*1 aOkita, Saburo.14aThe developing economies and Japan :blessons in growth /cSaburo Okita. aJapan :bUniversity of Tokyo Press,c1980. a284 p. :bil. ;c23 cm.